[Event "XXVI Festival A"]
[Site "Arco ITA"]
[Date "2014.10.12"]
[Round "9"]
[White "Battistella, Stefano"]
[Black "Al Hajiri, Bader"]
[WhiteElo "2045"]
[BlackElo "2130"]
[Result "0-1"]
[PlyCount "72"]
[EventDate "2014.10.04"]

1. d4 d5 2. c4 c6 3. Nf3 Nf6 4. Nc3 e6 5. g3 Nbd7 6. Bg2 dxc4 7. O-O b5 8. Qc2
Bb7 9. Rd1 a6 10. Ne5 Qc8 11. Nxd7 Qxd7 12. e4 Be7 13. Bg5 h6 14. Bxf6 Bxf6 15.
e5 Be7 16. Qe2 O-O 17. Ne4 Kh8 18. Qh5 Qe8 19. Nf6 Bxf6 20. exf6 Qd8 21. fxg7+
Kxg7 22. d5 cxd5 23. Rd4 f5 24. Rh4 Qf6 25. Qe2 e5 26. Rd1 Rad8 27. Qe3 d4 28.
Qa3 Bxg2 29. Kxg2 d3 30. Qc5 Qd6 31. Qe3 Rf6 32. Rd2 Rd7 33. Kg1 Rg6 34. a4 f4
35. Qe4 Qd5 36. Qf5 Rf7 0-1

[Event "XXVI Festival A"]
[Site "Arco ITA"]
[Date "2014.10.12"]
[Round "9"]
[White "Bisignano, Giuseppe"]
[Black "Pipitone, Antonio"]
[WhiteElo "1837"]
[BlackElo "1955"]
[Result "0-1"]
[PlyCount "59"]
[EventDate "2014.10.04"]

1. e4 Nc6 2. Nc3 e5 3. Nf3 Nf6 4. Bb5 d6 5. d4 exd4 6. Nxd4 Bd7 7. O-O Be7 8.
Bf4 O-O 9. Re1 a6 10. Nxc6 bxc6 11. Bc4 Be6 12. Bxe6 fxe6 13. e5 Nd5 14. Bd2
dxe5 15. Rxe5 Bd6 16. Rh5 Qf6 17. Qe1 Qf7 18. Rg5 Rae8 19. Ne4 e5 20. Rg4 Nf4
21. g3 Qf5 22. f3 Ng6 23. Qe2 Qxf3 24. Qc4+ Kh8 25. Rxg6 hxg6 26. Ng5 Qf2+ 27.
Kh1 Qd4 28. Nf7+ Rxf7 29. Qxf7 Rf8 30. Qe6 0-1

[Event "XXVI Festival A"]
[Site "Arco ITA"]
[Date "2014.10.12"]
[Round "9"]
[White "Bruno, Fabio"]
[Black "Naumkin, Igor"]
[WhiteElo "2422"]
[BlackElo "2442"]
[Result "1/2-1/2"]
[PlyCount "33"]
[EventDate "2014.10.04"]

1. d4 Nf6 2. Nf3 e6 3. Bf4 b6 4. e3 Bb7 5. Nbd2 Be7 6. h3 O-O 7. c3 c5 8. Bd3
cxd4 9. exd4 Nc6 10. O-O Nd5 11. Bg3 d6 12. Qe2 a6 13. a4 Re8 14. Qe4 Nf6 15.
Qe2 Nd5 16. Qe4 Nf6 17. Qe2 1/2-1/2

[Event "XXVI Festival A"]
[Site "Arco ITA"]
[Date "2014.10.12"]
[Round "9"]
[White "Buglisi, Massimo"]
[Black "Del Nevo, Claudio"]
[WhiteElo "1923"]
[BlackElo "1832"]
[Result "0-1"]
[PlyCount "46"]
[EventDate "2014.10.04"]

1. e4 d6 2. d4 Nf6 3. Nc3 c6 4. f4 Bg4 5. Nf3 g6 6. Bd3 Bg7 7. O-O O-O 8. h3
Bxf3 9. Qxf3 Na6 10. a3 e5 11. dxe5 dxe5 12. f5 Nc5 13. Bc4 Qd4+ 14. Be3 Qxc4
15. Bxc5 Qxc5+ 16. Kh1 Rad8 17. Rad1 Qb6 18. g4 Rxd1 19. Nxd1 Qd4 20. Nf2 Bh6
21. Rd1 Qe3 22. Qg2 Bf4 23. h4 Qe2 0-1

[Event "XXVI Festival A"]
[Site "Arco ITA"]
[Date "2014.10.12"]
[Round "9"]
[White "D'Aste, Federico"]
[Black "Moro, Roberto"]
[WhiteElo "1453"]
[BlackElo "1748"]
[Result "1/2-1/2"]
[PlyCount "31"]
[EventDate "2014.10.04"]

1. e4 c5 2. Nc3 Nc6 3. g3 e5 4. Nge2 Nf6 5. Bg2 Be7 6. O-O d6 7. d3 a6 8. f4
Bg4 9. f5 Qb6 10. Be3 Nd4 11. Rb1 h5 12. h3 Bxe2 13. Nxe2 Rc8 14. c3 Nxe2+ 15.
Qxe2 Qa5 16. c4 1/2-1/2

[Event "XXVI Festival A"]
[Site "Arco ITA"]
[Date "2014.10.12"]
[Round "9"]
[White "Dalla Vecchia, Paolo"]
[Black "Occari, Maurizio"]
[WhiteElo "1897"]
[BlackElo "2036"]
[Result "0-1"]
[PlyCount "70"]
[EventDate "2014.10.04"]

1. d4 g6 2. c4 Bg7 3. e4 d6 4. Nc3 Nf6 5. h3 O-O 6. Nf3 e5 7. dxe5 dxe5 8. Qxd8
Rxd8 9. Bg5 c6 10. Nxe5 Re8 11. Bxf6 Bxf6 12. f4 Nd7 13. Nxd7 Bxc3+ 14. bxc3
Rxe4+ 15. Kf2 Bxd7 16. Rd1 Re7 17. c5 Rae8 18. Bc4 Be6 19. Bb3 Bxb3 20. axb3
Re2+ 21. Kg1 Rb2 22. b4 Ree2 23. g4 Rg2+ 24. Kf1 Rgf2+ 25. Kg1 Rfc2 26. g5 Rxc3
27. Rh2 Rxb4 28. Rd8+ Kg7 29. Re2 Rxf4 30. Kh2 Rh4 31. Re7 Rb4 32. Rd1 Rb2+ 33.
Kg1 Rxc5 34. h4 Rcc2 35. Rf1 Rg2+ 0-1

[Event "XXVI Festival A"]
[Site "Arco ITA"]
[Date "2014.10.12"]
[Round "9"]
[White "De Eccher, Stefano"]
[Black "Hilbenz, Guntram"]
[WhiteElo "2237"]
[BlackElo "1951"]
[Result "1-0"]
[PlyCount "53"]
[EventDate "2014.10.04"]

1. e4 d6 2. d4 Nf6 3. Bd3 e5 4. c3 d5 5. dxe5 Nxe4 6. Nf3 Nc6 7. Nbd2 Nc5 8.
Bc2 Bg4 9. O-O a5 10. Qe1 Be7 11. Nd4 Qd7 12. f3 Bh5 13. Bf5 Ne6 14. Nxc6 Qxc6
15. f4 Bg6 16. Bh3 Bc5+ 17. Kh1 Be3 18. Rf3 Be4 19. Nxe4 dxe4 20. Rf1 g6 21. f5
Ng7 22. e6 fxe6 23. fxe6 Nxe6 24. Rf6 Ra6 25. Rxe6+ Qxe6 26. Bxe6 Rxe6 27. Bxe3
1-0

[Event "XXVI Festival A"]
[Site "Arco ITA"]
[Date "2014.10.12"]
[Round "9"]
[White "De Nisi, Giuseppe"]
[Black "Buck, Klaus-Michael"]
[WhiteElo "1771"]
[BlackElo "1679"]
[Result "1-0"]
[PlyCount "73"]
[EventDate "2014.10.04"]

1. d4 e6 2. c4 d5 3. cxd5 exd5 4. Nc3 c6 5. f3 Bd6 6. g3 Bf5 7. Bg2 Qe7 8. f4
Nf6 9. Nf3 O-O 10. O-O a6 11. Nh4 Be6 12. e4 dxe4 13. Nxe4 Nbd7 14. Nxd6 Qxd6
15. Be3 Ng4 16. Bc1 Ngf6 17. b3 Bd5 18. a4 Rfe8 19. Ba3 Qe6 20. Re1 Qxe1+ 21.
Qxe1 Rxe1+ 22. Rxe1 Bxb3 23. Rb1 Bxa4 24. Rxb7 Rb8 25. Rc7 Rb1+ 26. Kf2 g6 27.
h3 Rb3 28. Be7 Rb2+ 29. Kg1 Rd2 30. Nf3 Rd1+ 31. Kh2 Kg7 32. g4 h6 33. g5 hxg5
34. fxg5 Ne8 35. Rxd7 c5 36. Rd8 Nc7 37. Bf6+ 1-0

[Event "XXVI Festival A"]
[Site "Arco ITA"]
[Date "2014.10.12"]
[Round "9"]
[White "Gulinelli, Euro"]
[Black "Bondielli, Giorgio"]
[WhiteElo "1632"]
[BlackElo "1822"]
[Result "1/2-1/2"]
[PlyCount "20"]
[EventDate "2014.10.04"]

1. Nf3 f5 2. d4 Nf6 3. g3 g6 4. Bg2 Bg7 5. O-O d6 6. c4 O-O 7. Nc3 c6 8. b3 Qe8
9. Bb2 Nbd7 10. Qc2 Nh5 1/2-1/2

[Event "XXVI Festival A"]
[Site "Arco ITA"]
[Date "2014.10.12"]
[Round "9"]
[White "Iacchetti, Giovanni"]
[Black "Mircoli, Filippo"]
[WhiteElo "1714"]
[BlackElo "1641"]
[Result "0-1"]
[PlyCount "79"]
[EventDate "2014.10.04"]

1. c4 c5 2. Nc3 Nc6 3. g3 g6 4. Bg2 Bg7 5. e3 Nf6 6. Nge2 O-O 7. O-O d6 8. d4
cxd4 9. exd4 Bg4 10. h3 Bd7 11. Be3 a6 12. Rc1 Rc8 13. Qd2 e5 14. d5 Ne7 15. b3
Nf5 16. Bg5 h6 17. Bxf6 Qxf6 18. Ne4 Qe7 19. Rc2 h5 20. h4 Kh7 21. Ng5+ Kg8 22.
Rfc1 f6 23. Ne6 Bxe6 24. dxe6 Bh6 25. f4 Kg7 26. Qb4 exf4 27. Nxf4 Bxf4 28.
gxf4 Nxh4 29. Qxb7 Rc7 30. Qd5 Rc5 31. Qb7 Rc7 32. Qd5 Rfc8 33. Be4 Rc5 34. Qd3
Qxe6 35. Rh2 d5 36. f5 dxc4 37. fxe6 cxd3 38. Rxc5 Rxc5 39. Rd2 Nf5 40. Rg2 0-1

[Event "XXVI Festival A"]
[Site "Arco ITA"]
[Date "2014.10.12"]
[Round "9"]
[White "Illi, Hans-Joerg"]
[Black "Messina, Roberta"]
[WhiteElo "2127"]
[BlackElo "2006"]
[Result "1-0"]
[PlyCount "107"]
[EventDate "2014.10.04"]

1. d4 d5 2. Nf3 Nf6 3. c3 Nbd7 4. Bf4 Nh5 5. Bg3 Nxg3 6. hxg3 c6 7. Nbd2 Nf6 8.
Qc2 g6 9. e3 Bf5 10. Bd3 Bxd3 11. Qxd3 Bg7 12. Ne5 Qc7 13. g4 e6 14. g5 Ng8 15.
f4 O-O-O 16. Ndf3 Rf8 17. O-O-O f6 18. gxf6 Nxf6 19. Ng5 Re8 20. Rh2 c5 21. Kb1
h6 22. Ngf7 Ne4 23. Nxh8 Bxe5 24. fxe5 Rxh8 25. Rf1 c4 26. Qd1 Qe7 27. Kc2 Qg5
28. Qf3 Ng3 29. Qf4 Nxf1 30. Qxg5 hxg5 31. Rxh8+ Kc7 32. Rh7+ Kc8 33. Rg7 Nxe3+
34. Kd2 Nxg2 35. Rg8+ Kd7 36. Rg7+ Kc6 37. Rxg6 Nf4 38. Rxg5 a5 39. b3 b5 40.
Rg7 cxb3 41. axb3 a4 42. bxa4 bxa4 43. Kc2 Kb5 44. Rb7+ Ka6 45. Rb8 Ng2 46. Re8
Nf4 47. Rf8 Nh5 48. Rh8 Nf4 49. Rh6 Kb5 50. Rf6 Ne2 51. Rxe6 a3 52. Re8 a2 53.
Ra8 Kc4 54. Ra4+ 1-0

[Event "XXVI Festival A"]
[Site "Arco ITA"]
[Date "2014.10.12"]
[Round "9"]
[White "Kern, Beat"]
[Black "Pretto, Aldo"]
[WhiteElo "1622"]
[BlackElo "1746"]
[Result "1-0"]
[PlyCount "45"]
[EventDate "2014.10.04"]

1. d4 d6 2. c4 e5 3. dxe5 dxe5 4. Qxd8+ Kxd8 5. e4 Bb4+ 6. Bd2 Bxd2+ 7. Nxd2
Nc6 8. O-O-O Nd4 9. Nb3 Be6 10. Nxd4 exd4 11. Rxd4+ Ke7 12. b3 Nf6 13. f3 Rhd8
14. Ne2 c5 15. Rxd8 Rxd8 16. Nf4 Rd4 17. Nd5+ Nxd5 18. exd5 Bd7 19. Be2 a5 20.
Rd1 a4 21. Rxd4 cxd4 22. Bd3 f5 23. bxa4 1-0

[Event "XXVI Festival A"]
[Site "Arco ITA"]
[Date "2014.10.12"]
[Round "9"]
[White "Knors, Rudi"]
[Black "Huemmer, Bernd"]
[WhiteElo "2099"]
[BlackElo "2185"]
[Result "1/2-1/2"]
[PlyCount "45"]
[EventDate "2014.10.04"]

1. d4 Nf6 2. c4 e6 3. Nf3 b6 4. g3 Ba6 5. b3 Bb7 6. Bg2 Bb4+ 7. Bd2 a5 8. O-O
O-O 9. Bg5 a4 10. a3 axb3 11. Qxb3 Ba5 12. Nc3 h6 13. Bxf6 Qxf6 14. Nb5 Qd8 15.
Rac1 Na6 16. Rfd1 Qe7 17. Nc3 Bxc3 18. Rxc3 d6 19. e3 Ra7 20. Ne1 Bxg2 21. Kxg2
Rfa8 22. Nc2 Qg5 23. Rb1 1/2-1/2

[Event "XXVI Festival A"]
[Site "Arco ITA"]
[Date "2014.10.12"]
[Round "9"]
[White "Lezzerini, Marco"]
[Black "De Santis, Alessio"]
[WhiteElo "1994"]
[BlackElo "2263"]
[Result "0-1"]
[PlyCount "84"]
[EventDate "2014.10.04"]

1. d4 Nf6 2. c4 e6 3. Nc3 Bb4 4. a3 Bxc3+ 5. bxc3 b6 6. f3 Nc6 7. e4 Ba6 8. Bd3
Na5 9. Qe2 Qc8 10. f4 c5 11. e5 Ng8 12. d5 Bb7 13. d6 f5 14. Nf3 Qc6 15. O-O
Nh6 16. Nd2 Nf7 17. Qf3 Qxf3 18. Nxf3 Ba6 19. Nd2 Nd8 20. Kf2 Ndc6 21. Bb2 h6
22. h3 O-O-O 23. Rg1 Rdf8 24. Ke3 g5 25. g3 Rf7 26. Kf2 Rg7 27. Be2 Nd8 28. h4
Nf7 29. h5 Rhg8 30. Rab1 Bb7 31. Rbf1 Kd8 32. Re1 Ke8 33. Ref1 Nc6 34. Nf3 Ba6
35. Re1 g4 36. Nd2 Nfxe5 37. fxe5 Nxe5 38. Rd1 Bb7 39. Nb3 Rg5 40. Bc1 Rxh5 41.
Nd2 Rh2+ 42. Ke1 Nf3+ 0-1

[Event "XXVI Festival A"]
[Site "Arco ITA"]
[Date "2014.10.12"]
[Round "9"]
[White "Maddaloni, Giovanni"]
[Black "Galas, Franco"]
[WhiteElo "1617"]
[BlackElo "1719"]
[Result "1-0"]
[PlyCount "49"]
[EventDate "2014.10.04"]

1. e4 e6 2. d4 c6 3. Nc3 d5 4. Nf3 Ne7 5. Bd3 Nd7 6. exd5 cxd5 7. O-O Nf6 8.
Re1 Bd7 9. Bf4 a6 10. h3 Ng6 11. Bh2 Bc6 12. a3 Bd6 13. Qd2 Qc7 14. Bxd6 Qxd6
15. Ne5 Nd7 16. f4 Ndxe5 17. fxe5 Qc7 18. Qe3 O-O 19. Re2 Rae8 20. Rf1 Ne7 21.
Ref2 g6 22. g4 Kg7 23. Ne2 Ng8 24. Ng3 f6 25. exf6+ 1-0

[Event "XXVI Festival A"]
[Site "Arco ITA"]
[Date "2014.10.12"]
[Round "9"]
[White "Medancic, Rikard"]
[Black "Stiefel, Roland"]
[WhiteElo "2202"]
[BlackElo "2037"]
[Result "1-0"]
[PlyCount "67"]
[EventDate "2014.10.04"]

1. d4 c5 2. d5 d6 3. g3 g6 4. Bg2 Bg7 5. c4 Na6 6. Nc3 Nc7 7. Nf3 a6 8. a4 b6
9. O-O Rb8 10. e4 e5 11. dxe6 Nxe6 12. Qd3 Ne7 13. Rd1 Nc6 14. Qxd6 Qxd6 15.
Rxd6 Na5 16. Bf1 Ke7 17. Rxb6 Rxb6 18. Nd5+ Kd6 19. Nxb6 Nb3 20. Rb1 Bb7 21.
Nd5 Ned4 22. Bf4+ Kd7 23. Nxd4 cxd4 24. f3 Bc6 25. Rd1 Nc5 26. b4 Nxa4 27. Ra1
Kd8 28. b5 axb5 29. cxb5 Bxd5 30. Rxa4 Bb3 31. Rb4 Bc2 32. b6 g5 33. Bxg5+ Kd7
34. Bf4 1-0

[Event "XXVI Festival A"]
[Site "Arco ITA"]
[Date "2014.10.12"]
[Round "9"]
[White "Modena, Giorgio"]
[Black "Popa, Claudiu"]
[WhiteElo "1920"]
[BlackElo "2119"]
[Result "0-1"]
[PlyCount "86"]
[EventDate "2014.10.04"]

1. e4 e5 2. Nf3 Nf6 3. Nc3 Nc6 4. d3 d5 5. exd5 Nxd5 6. Nxd5 Qxd5 7. Be3 Bg4 8.
Be2 Be7 9. h3 Bh5 10. O-O O-O 11. a3 a5 12. Nd2 Bxe2 13. Qxe2 f5 14. f3 Rad8
15. Rac1 b6 16. Kh1 Nd4 17. Qd1 b5 18. c4 Qd7 19. Bxd4 Qxd4 20. cxb5 Qxb2 21.
Qb3+ Qxb3 22. Nxb3 Rxd3 23. Nxa5 Rxa3 24. Nc6 Bd6 25. Rb1 e4 26. b6 cxb6 27.
Rxb6 e3 28. Rb2 Re8 29. Re2 f4 30. Nd4 Bc5 31. Nb5 Rd3 32. Kh2 g5 33. g3 Rb8
34. Nc7 fxg3+ 35. Kg2 Bd6 36. Ne6 Bf4 37. h4 h6 38. hxg5 hxg5 39. Nc5 Rd2 40.
Rxd2 exd2 41. Ne4 Rc8 42. Kh3 Rc1 43. Nxd2 Bxd2 0-1

[Event "XXVI Festival A"]
[Site "Arco ITA"]
[Date "2014.10.12"]
[Round "9"]
[White "Olivetti, Davide"]
[Black "Ager, Josef"]
[WhiteElo "1936"]
[BlackElo "2125"]
[Result "1-0"]
[PlyCount "79"]
[EventDate "2014.10.04"]

1. e4 g6 2. d4 Bg7 3. Nc3 c6 4. f4 d5 5. e5 h5 6. Nf3 Nh6 7. Bd3 Bf5 8. O-O e6
9. b3 Bf8 10. Ne2 Nd7 11. Bb2 c5 12. c4 dxc4 13. Bxc4 a6 14. d5 b5 15. dxe6
fxe6 16. Bd3 Nb6 17. Bxf5 Nxf5 18. Qxd8+ Rxd8 19. Rfd1 Be7 20. Rxd8+ Bxd8 21.
Rc1 Be7 22. Ng5 Ng7 23. Ne4 O-O 24. Nxc5 Nd5 25. g3 g5 26. Nd7 Rf7 27. Rc8+ Kh7
28. Nf6+ Nxf6 29. exf6 Bxf6 30. Bxf6 Rxf6 31. fxg5 Rg6 32. Rc5 e5 33. Rxe5 Rd6
34. Nf4 h4 35. gxh4 Rd4 36. Ng2 Kg6 37. Kf2 Nf5 38. Re6+ Kh5 39. Rxa6 Kg4 40.
Ne3+ 1-0

[Event "XXVI Festival A"]
[Site "Arco ITA"]
[Date "2014.10.12"]
[Round "9"]
[White "Ottaviani, Gianluca"]
[Black "Favre, Bruno"]
[WhiteElo "1982"]
[BlackElo "1904"]
[Result "1/2-1/2"]
[PlyCount "61"]
[EventDate "2014.10.04"]

1. e4 c6 2. d4 d5 3. Nc3 dxe4 4. Nxe4 Bf5 5. Ng3 Bg6 6. Nf3 Nd7 7. Bc4 Ngf6 8.
O-O e6 9. Re1 Nd5 10. Bd3 Be7 11. c4 N5b6 12. Bf4 O-O 13. a3 a5 14. Qe2 Bxd3
15. Qxd3 Nf6 16. Red1 Re8 17. Qc2 Nbd7 18. Be5 Nf8 19. Qb3 Qc8 20. Qe3 Ng6 21.
h3 Rd8 22. Bxf6 Bxf6 23. Nh5 Qc7 24. Nxf6+ gxf6 25. g3 Rd7 26. h4 Qd8 27. Qe4
Qf8 28. Qg4 Qg7 29. h5 Ne7 30. Qf4 Rad8 31. Qe4 1/2-1/2

[Event "XXVI Festival A"]
[Site "Arco ITA"]
[Date "2014.10.12"]
[Round "9"]
[White "Paleologu, Vladimir"]
[Black "Guido, Flavio"]
[WhiteElo "2170"]
[BlackElo "2356"]
[Result "0-1"]
[PlyCount "74"]
[EventDate "2014.10.04"]

1. e4 c5 2. Nf3 e6 3. d4 cxd4 4. Nxd4 Nf6 5. Nc3 d6 6. Be3 Be7 7. h3 a6 8. g4
b5 9. g5 Nfd7 10. h4 b4 11. Nce2 Bb7 12. Ng3 Nc5 13. Bg2 Nbd7 14. a3 a5 15.
axb4 axb4 16. O-O Ne5 17. b3 Rxa1 18. Qxa1 O-O 19. Qa7 Qc7 20. Qa1 Ra8 21. Qd1
Rd8 22. f4 Ng6 23. Qg4 e5 24. Ndf5 Bf8 25. h5 Nxf4 26. Bxf4 exf4 27. Qxf4 Ne6
28. Qd2 d5 29. exd5 g6 30. hxg6 hxg6 31. Qf2 Bc5 32. Ne3 Nxg5 33. Re1 Bxd5 34.
Qf6 Qxg3 35. Qxd8+ Kg7 36. Kf1 Bxg2+ 37. Ke2 Qxe3+ 0-1

[Event "XXVI Festival A"]
[Site "Arco ITA"]
[Date "2014.10.12"]
[Round "9"]
[White "Pedersen, Henrik Bolding"]
[Black "Rotstein, Arkadij"]
[WhiteElo "2142"]
[BlackElo "2499"]
[Result "0-1"]
[PlyCount "114"]
[EventDate "2014.10.04"]

1. e4 c5 2. Nf3 e6 3. c3 Nf6 4. e5 Nd5 5. d4 cxd4 6. cxd4 d6 7. Bc4 Nb6 8. Bd3
Bd7 9. O-O Bc6 10. Nc3 N8d7 11. Bf4 dxe5 12. dxe5 Nc5 13. Bb5 Bxb5 14. Nxb5 Nd5
15. Bg5 Qd7 16. Qe2 h6 17. Bd2 Be7 18. Rfd1 O-O 19. Nc3 Nxc3 20. Bxc3 Qc6 21.
Bb4 Rfc8 22. Rac1 Qe8 23. Nd4 a6 24. Qf3 a5 25. Bc3 b5 26. b3 Bg5 27. Bd2 Bxd2
28. Rxd2 Nd7 29. Re1 Nb6 30. Qe2 Rc5 31. Rc2 Rxc2 32. Qxc2 Rc8 33. Qe4 Qd7 34.
Nf3 Qd5 35. Qe2 Qc5 36. Qd2 b4 37. h3 Nd5 38. Kh2 Qc2 39. Re2 Qc7 40. Qd4 Qc1
41. Qd2 Qc5 42. Re4 Qb5 43. Nd4 Qb8 44. Nf3 Rc5 45. g3 Qc7 46. Nd4 Nc3 47. Rg4
Qxe5 48. Nf3 Qf6 49. Rf4 Qe7 50. Rg4 h5 51. Rd4 Nd5 52. Ne5 Rc3 53. Nc4 a4 54.
bxa4 Qc5 55. Ne5 Rc2 56. Qd3 Rxf2+ 57. Kg1 Rxa2 0-1

[Event "XXVI Festival A"]
[Site "Arco ITA"]
[Date "2014.10.12"]
[Round "9"]
[White "Perman, Denis"]
[Black "Karl, Hans"]
[WhiteElo "1835"]
[BlackElo "2105"]
[Result "1/2-1/2"]
[PlyCount "46"]
[EventDate "2014.10.04"]

1. e4 e5 2. Nf3 Nc6 3. Bb5 a6 4. Ba4 Nf6 5. O-O b5 6. Bb3 Bc5 7. c3 Qe7 8. d4
Bb6 9. Re1 d6 10. h3 h6 11. Qd3 Bd7 12. Nbd2 Na5 13. Bc2 c5 14. d5 c4 15. Qe2
O-O 16. Nf1 Nh5 17. Kh1 Nb7 18. g4 Nf4 19. Bxf4 exf4 20. N1d2 Rae8 21. Nd4 Qh4
22. Kg2 Nc5 23. N2f3 Qd8 1/2-1/2

[Event "XXVI Festival A"]
[Site "Arco ITA"]
[Date "2014.10.12"]
[Round "9"]
[White "Reinert, Stephane"]
[Black "Zucchelli, Massimo"]
[WhiteElo "2059"]
[BlackElo "2190"]
[Result "1-0"]
[PlyCount "127"]
[EventDate "2014.10.04"]

1. e4 e6 2. d4 d5 3. Nc3 Nf6 4. Bg5 dxe4 5. Nxe4 Nbd7 6. Nf3 h6 7. Bh4 Be7 8.
Nxf6+ Nxf6 9. Bd3 c5 10. dxc5 Qa5+ 11. c3 Qxc5 12. Qe2 O-O 13. O-O Rd8 14. Rad1
Bd7 15. Ne5 Ba4 16. b3 Be8 17. c4 a5 18. Kh1 a4 19. b4 Qxb4 20. Rb1 Qa3 21.
Rxb7 Rab8 22. Rbb1 Kf8 23. f4 Qc3 24. Rbc1 Qa3 25. Rc2 Qd6 26. h3 Nd7 27. Bxe7+
Kxe7 28. Nxd7 Rxd7 29. Be4 Qc5 30. f5 Rd4 31. Bd5 Bd7 32. fxe6 fxe6 33. Qe5 Rb6
34. Qxg7+ Kd8 35. Rf8+ Kc7 36. Qf6 Rxd5 37. Qd8+ Kd6 38. cxd5 Rb1+ 39. Kh2 Qxc2
40. dxe6 Qc7 41. Qxc7+ Kxc7 42. Rf7 Rd1 43. exd7 Rxd7 44. Rxd7+ Kxd7 45. g3 Ke6
46. Kg2 a3 47. Kf3 Kf6 48. g4 Ke6 49. Kf4 Kf6 50. h4 Ke6 51. Ke4 Kf6 52. Kd5
Kf7 53. Kd6 Kf6 54. Kc5 Ke5 55. Kb4 Kf4 56. Kxa3 Kxg4 57. Kb4 Kxh4 58. a4 Kg3
59. a5 h5 60. a6 h4 61. a7 h3 62. a8=Q Kh2 63. Qf3 Kg1 64. Qxh3 1-0

[Event "XXVI Festival A"]
[Site "Arco ITA"]
[Date "2014.10.12"]
[Round "9"]
[White "Ricci, Alfredo"]
[Black "Wagner, Frank"]
[WhiteElo "1949"]
[BlackElo "1898"]
[Result "0-1"]
[PlyCount "78"]
[EventDate "2014.10.04"]

1. e4 b6 2. d4 Bb7 3. Bd3 e6 4. Nf3 c5 5. c3 cxd4 6. cxd4 Nf6 7. Qe2 Be7 8. O-O
O-O 9. Nc3 Nc6 10. e5 Ne8 11. h4 f5 12. a3 Na5 13. Bc2 Nc7 14. b4 Ba6 15. b5
Bb7 16. Ng5 h6 17. Nf3 Rc8 18. Bd2 Bxh4 19. Rfc1 Bxf3 20. gxf3 Qe8 21. f4 g5
22. fxg5 hxg5 23. Qd3 Qh5 24. Bd1 Qg6 25. d5 g4 26. d6 Ne8 27. Ne2 Ng7 28. Bxa5
bxa5 29. Rc7 Nh5 30. Rac1 Rcd8 31. Kg2 Qg5 32. Rxd7 Rxd7 33. Bb3 Qxc1 34. Bxe6+
Kg7 35. Bxd7 Nf4+ 36. Nxf4 Qxf4 37. e6 Qxf2+ 38. Kh1 g3 39. Bc6 Qh2# 0-1

[Event "XXVI Festival A"]
[Site "Arco ITA"]
[Date "2014.10.12"]
[Round "9"]
[White "Schaefer, Michael"]
[Black "Simeone, Giulio"]
[WhiteElo "2155"]
[BlackElo "1991"]
[Result "1/2-1/2"]
[PlyCount "67"]
[EventDate "2014.10.04"]

1. d4 g6 2. e4 d6 3. Nc3 Nf6 4. Nf3 Bg7 5. h3 O-O 6. Be3 c6 7. Qd2 b5 8. Bd3
Bb7 9. a3 Qc7 10. O-O Nbd7 11. Rfe1 a5 12. Bh6 b4 13. Na4 c5 14. dxc5 dxc5 15.
Bxg7 Kxg7 16. b3 Rad8 17. Qe3 Nh5 18. Nb2 Qf4 19. Nc4 Ra8 20. a4 Ba6 21. Nfd2
Qxe3 22. Rxe3 Nf4 23. Rd1 Rfd8 24. Bf1 Nf6 25. Rc1 Rd4 26. g3 Ne6 27. Bd3 Rdd8
28. Ne5 Nd4 29. Bxa6 Rxa6 30. Ndc4 Nd7 31. Nf3 Nxf3+ 32. Rxf3 Nb6 33. Rd3 Rd4
34. Rxd4 1/2-1/2

[Event "XXVI Festival A"]
[Site "Arco ITA"]
[Date "2014.10.12"]
[Round "9"]
[White "Sprotte, Norbert"]
[Black "Drasko, Milan"]
[WhiteElo "2186"]
[BlackElo "2434"]
[Result "1/2-1/2"]
[PlyCount "20"]
[EventDate "2014.10.04"]

1. d4 e6 2. e4 d5 3. exd5 exd5 4. Nf3 Bf5 5. Bd3 Bg6 6. Bxg6 hxg6 7. O-O Bd6 8.
Re1+ Ne7 9. c4 dxc4 10. Nbd2 Nbc6 1/2-1/2

[Event "XXVI Festival A"]
[Site "Arco ITA"]
[Date "2014.10.12"]
[Round "9"]
[White "Taufer, Livio"]
[Black "Scholz, Herbert"]
[WhiteElo "1709"]
[BlackElo "1897"]
[Result "1/2-1/2"]
[PlyCount "51"]
[EventDate "2014.10.04"]

1. d4 Nf6 2. Nf3 e6 3. e3 b6 4. Bd3 Bb7 5. Nbd2 d5 6. b3 c5 7. Bb2 Be7 8. O-O
Nc6 9. a3 O-O 10. Ne5 Nd7 11. f4 f5 12. c4 cxd4 13. exd4 Nf6 14. Rc1 Rc8 15.
Qe2 Nxe5 16. dxe5 Nd7 17. cxd5 Bxd5 18. b4 Nb8 19. Bc4 Qd7 20. Bxd5 Qxd5 21.
Nf3 Rfd8 22. Rxc8 Rxc8 23. Rd1 Qb3 24. Nd4 Qa2 25. Ra1 Qd5 26. Rd1 1/2-1/2

[Event "XXVI Festival A"]
[Site "Arco ITA"]
[Date "2014.10.12"]
[Round "9"]
[White "Tencheni, Maurizio"]
[Black "Ludwig, Timm"]
[WhiteElo "1740"]
[BlackElo "1649"]
[Result "1-0"]
[PlyCount "49"]
[EventDate "2014.10.04"]

1. b3 c5 2. Bb2 Nc6 3. e3 e6 4. f4 Nf6 5. Nf3 d6 6. Nc3 g6 7. Ne2 Bg7 8. g4 O-O
9. g5 Nh5 10. Bxg7 Nxg7 11. Ng3 d5 12. Bb5 Bd7 13. Bxc6 Bxc6 14. Ne5 Be8 15.
Qf3 f6 16. gxf6 Qxf6 17. Ke2 Nf5 18. Qg4 Rd8 19. Rag1 Bb5+ 20. c4 dxc4 21. bxc4
Be8 22. h4 Rd6 23. Ne4 Qd8 24. Nxd6 Qxd6 25. h5 1-0

[Event "XXVI Festival A"]
[Site "Arco ITA"]
[Date "2014.10.12"]
[Round "9"]
[White "Trauth, Michael"]
[Black "Caruso, Augusto"]
[WhiteElo "2166"]
[BlackElo "2264"]
[Result "1/2-1/2"]
[PlyCount "85"]
[EventDate "2014.10.04"]

1. Nf3 f5 2. d3 d6 3. e4 e5 4. Nc3 Nf6 5. exf5 Bxf5 6. d4 Nc6 7. Bb5 e4 8. d5
a6 9. dxc6 axb5 10. Nd4 Bc8 11. O-O bxc6 12. Nxe4 Nxe4 13. Re1 d5 14. f3 Bc5
15. fxe4 O-O 16. Be3 Qh4 17. Nf3 Bxe3+ 18. Rxe3 Qh5 19. exd5 Bg4 20. dxc6 Rad8
21. Qe1 Bxf3 22. Rxf3 Rxf3 23. gxf3 Qc5+ 24. Qf2 Qxf2+ 25. Kxf2 Rd2+ 26. Kg3
Rxc2 27. a4 bxa4 28. Rxa4 Rxc6 29. Ra7 Kf7 30. b4 Ke7 31. b5 Rg6+ 32. Kf4 Kd7
33. Ke4 Rb6 34. Ra5 Rh6 35. Ra2 Kc8 36. f4 Kb7 37. f5 Rh4+ 38. Ke5 Rb4 39. Rg2
Rxb5+ 40. Ke6 Rb6+ 41. Ke5 Rb5+ 42. Ke6 Rb6+ 43. Ke5 1/2-1/2

[Event "XXVI Festival A"]
[Site "Arco ITA"]
[Date "2014.10.12"]
[Round "9"]
[White "Valenti, Giuseppe"]
[Black "Reyna Hernandez, Sandor"]
[WhiteElo "2101"]
[BlackElo "1941"]
[Result "1-0"]
[PlyCount "67"]
[EventDate "2014.10.04"]

1. Nf3 Nf6 2. g3 d5 3. Bg2 c5 4. b3 Nc6 5. Bb2 d4 6. O-O e5 7. d3 Bd6 8. Nbd2
Bf5 9. e4 Bg4 10. h3 Bd7 11. Nc4 Bc7 12. a4 b6 13. Nh4 g6 14. Qf3 Nb4 15. Qe2
Rc8 16. Bc1 h6 17. Nf3 Qe7 18. Ne1 a6 19. f4 exf4 20. Bxf4 Bxf4 21. gxf4 b5 22.
axb5 Bxb5 23. e5 O-O 24. Nd6 Rcd8 25. Rf2 Nfd5 26. Bxd5 Nxd5 27. Ng2 Rxd6 28.
exd6 Qxd6 29. Re1 Re8 30. Qf1 Ra8 31. Rfe2 Bc6 32. Re5 f6 33. Re6 Qd7 34. Qf3
1-0

[Event "FIDE Grand Prix"]
[Site "Baku AZE"]
[Date "2014.10.02"]
[Round "1"]
[White "Karjakin, Sergey"]
[Black "Caruana, Fabiano"]
[WhiteElo "2767"]
[BlackElo "2844"]
[Result "0-1"]
[EventDate "2014.10.02"]

1. Nf3 d5 2. d4 Nf6 3. c4 e6 4. Nc3 Be7 5. Bf4 O-O 6. Rc1 Nbd7 7. cxd5 exd5 8.
e3 c6 9. h3 Ne4 10. Bd3 Ndf6 11. O-O Bf5 12. Ne2 Nd7 13. Qb3 Qb6 14. Qc2 Bg6 15.
Bh2 Rfe8 16. Nf4 Bd6 17. Nxg6 Bxh2+ 18. Kxh2 hxg6 19. g3 Qd8 20. Kg2 g5 21. Rh1
Qe7 22. b4 a5 23. b5 c5 24. h4 g4 25. Ng5 Rac8 26. Bxe4 dxe4 27. Qb3 g6 28. Rc4
b6 29. Rhc1 Rcd8 30. dxc5 Nxc5 31. Rxc5 bxc5 32. Rxc5 Rc8 33. Re5 Qf6 34. Rd5
Red8 35. a4 Rxd5 36. Qxd5 Rc2 37. Kh1 Rxf2 0-1